00238nam a2200085Ia 4500001000800000005001700008008004100025245004400066260004200110125367020251031150958.0251031s9999 xx 000 0 und d 0cBİLGENUR ÇORLUaU-10 MUSA PEYGAMBER bTÜRKİYE DİYANET VAKFI YAYINLARI